000
00216nam a22000857a 4500
008
170526b xxu||||| |||| 00| 0 eng d
100
_9
3124
_a
Bhattacharya.B.
245
_a
Gandhi the Writer
260
_a
New delhi
_b
NBIT
_c
2002
999
_c
6412
_d
6412